[Event "Mittelfranken-chTB2b 1920"]
[Site "Mittelfranken"]
[Date "2020.01.12"]
[Round "4.1"]
[White "Siegl, Adrian"]
[Black "Quaschner, Tobias"]
[Result "1/2-1/2"]
[WhiteElo "2026"]
[BlackElo "2133"]
[PlyCount "108"]
[EventDate "2019.10.13"]
[EventType "team-tourn"]
[EventRounds "9"]
[EventCountry "GER"]
[SourceTitle "EXT 2023"]
[Source "ChessBase"]
[SourceDate "2022.10.05"]
[SourceVersion "1"]
[SourceVersionDate "2022.10.05"]
[SourceQuality "1"]
[WhiteTeam "Nuernberg Sued SW III"]
[BlackTeam "Grossenseebach"]
[WhiteTeamCountry "GER"]
[BlackTeamCountry "GER"]

1. e4 c5 2. Nf3 d6 3. d4 cxd4 4. Nxd4 Nf6 5. Nc3 a6 6. Bg5 e6 7. f4 Qb6 8. Qd2 Qxb2 9. Rb1 Qa3 10. Bxf6 gxf6 11. Be2 Nc6 12. Nxc6 bxc6 13. 0-0 Be7 14. Kh1 Qa5 15. Bf3 h5 16. Rfd1 h4 17. e5 d5 18. Nxd5 Qxd2 19. Nxf6+ Bxf6 20. Rxd2 Ke7 21. exf6+ Kxf6 22. Bxc6 Ra7 23. Rb8 Rc7 24. Be4 Rh5 25. Rd4 Ra5 26. Rb2 e5 27. Rd6+ Ke7 28. Rh6 Rc4 29. Bb7 Rb5 30. Rxb5 axb5 31. Bxc8 Rxc8 32. fxe5 Rxc2 33. h3 Rxa2 34. Rxh4 Re2 35. Rb4 Rxe5 36. h4 Kd6 37. Kh2 f5 38. Kg3 Kc5 39. Rb1 Kc4 40. h5 f4+ 41. Kg4 b4 42. h6 b3 43. h7 Re8 44. Kg5 Kc3 45. Kg6 Kc2 46. Rf1 b2 47. Kg7 b1Q 48. Rxb1 Kxb1 49. h8Q Rxh8 50. Kxh8 Kc2 51. Kg7 Kd3 52. Kg6 Ke4 53. Kg5 f3 54. gxf3+ Kxf3 1/2-1/2

[Event "Mittelfranken-chTB2b 1920"]
[Site "Mittelfranken"]
[Date "2019.10.13"]
[Round "1.1"]
[White "Siegl, Adrian"]
[Black "Hollederer, Manfred"]
[Result "1-0"]
[WhiteElo "2026"]
[BlackElo "1836"]
[PlyCount "73"]
[EventDate "2019.10.13"]
[EventType "team-tourn"]
[EventRounds "9"]
[EventCountry "GER"]
[SourceTitle "EXT 2023"]
[Source "ChessBase"]
[SourceDate "2022.10.05"]
[SourceVersion "1"]
[SourceVersionDate "2022.10.05"]
[SourceQuality "1"]
[WhiteTeam "Nuernberg Sued SW III"]
[BlackTeam "Nuernberg Anderssen"]
[WhiteTeamCountry "GER"]
[BlackTeamCountry "GER"]

1. e4 c5 2. Nf3 Nc6 3. d4 cxd4 4. Nxd4 Nf6 5. Nc3 e5 6. Ndb5 d6 7. Bg5 a6 8. Na3 b5 9. Nd5 h6 10. Bxf6 gxf6 11. Qf3 Bg7 12. c3 Be6 13. Nc2 Bxd5 14. exd5 Ne7 15. Ne3 f5 16. Nxf5 Nxf5 17. Qxf5 Qg5 18. Qxg5 hxg5 19. a4 Ke7 20. Bd3 b4 21. Kd2 bxc3+ 22. bxc3 Rhe8 23. Be4 Ra7 24. g4 Rc7 25. Ra3 Rc5 26. Rb1 Rh8 27. Rb7+ Ke8 28. Rab3 Rxh2 29. Ke3 Bf6 30. Ra7 Bd8 31. Ra8 Rh8 32. Kd3 a5 33. Rb6 Ke7 34. Rb7+ Ke8 35. f3 Rf8 36. c4 Rg8 37. Bf5 1-0

[Event "Landesliga Nord U20 1819"]
[Site "Bayern"]
[Date "2019.01.26"]
[Round "5.1"]
[White "Siegl, Adrian"]
[Black "Goderbauer, Benedikt"]
[Result "0-1"]
[WhiteElo "1919"]
[BlackElo "2043"]
[PlyCount "90"]
[EventDate "2018.11.17"]
[EventType "team-tourn"]
[EventRounds "7"]
[EventCountry "GER"]
[SourceTitle "EXT 2022"]
[Source "ChessBase"]
[SourceDate "2021.10.06"]
[SourceVersion "1"]
[SourceVersionDate "2021.10.06"]
[SourceQuality "1"]
[WhiteTeam "Nuernberg Sued SW U20"]
[BlackTeam "Moosburg SC U20"]
[WhiteTeamCountry "GER"]
[BlackTeamCountry "GER"]

1. e4 c6 2. d4 d5 3. Nc3 dxe4 4. Nxe4 Bf5 5. Ng3 Bg6 6. h4 h6 7. h5 Bh7 8. Nf3 Nd7 9. Bd3 Bxd3 10. Qxd3 Ngf6 11. 0-0 e6 12. Re1 Be7 13. Bd2 0-0 14. Rad1 c5 15. Qe2 Qc7 16. c3 Rad8 17. Ne5 Nb6 18. Ne4 cxd4 19. Ng4 Nbd5 20. Nexf6+ Nxf6 21. Qf3 Nxg4 22. Qxg4 Kh8 23. cxd4 Rd5 24. Bf4 Bd6 25. Be5 Bxe5 26. dxe5 Rxe5 27. Rxe5 Qxe5 28. Qb4 Kg8 29. Qxb7 Qxh5 30. Rd7 a5 31. Qc7 Qb5 32. b3 h5 33. Qa7 Qe5 34. a4 Rc8 35. Rd1 Rc3 36. g3 Qf5 37. Qb8+ Kh7 38. Qb6 Qf3 39. Re1 h4 40. gxh4 Qg4+ 41. Kf1 Rh3 42. Qc6 Rxh4 43. Rc1 Qh5 44. Kg1 Qg5+ 45. Kf1 Qxc1+ 0-1

[Event "Landesliga Nord U20 1819"]
[Site "Bayern"]
[Date "2019.01.26"]
[Round "4.1"]
[White "Sowka, Patrick"]
[Black "Siegl, Adrian"]
[Result "1-0"]
[WhiteElo "1823"]
[BlackElo "1919"]
[PlyCount "68"]
[EventDate "2018.11.17"]
[EventType "team-tourn"]
[EventRounds "7"]
[EventCountry "GER"]
[SourceTitle "EXT 2022"]
[Source "ChessBase"]
[SourceDate "2021.10.06"]
[SourceVersion "1"]
[SourceVersionDate "2021.10.06"]
[SourceQuality "1"]
[WhiteTeam "Ergolding FC U20 II"]
[BlackTeam "Nuernberg Sued SW U20"]
[WhiteTeamCountry "GER"]
[BlackTeamCountry "GER"]

1. d4 d5 2. Nf3 e6 3. e3 c6 4. Bd3 f5 5. Ne5 Nf6 6. 0-0 Bd6 7. f4 0-0 8. Nd2 Nbd7 9. Ndf3 Ne4 10. c4 c5 11. Bd2 Rf6 12. Rc1 Rh6 13. Be1 Ndf6 14. Bh4 Qe8 15. Qb3 Ng4 16. Rfe1 Qh5 17. cxd5 Bxe5 18. dxe5 Nd2 19. Nxd2 Qxh4 20. Nf3 Qf2+ 21. Kh1 Qg3 22. Kg1 Qf2+ 23. Kh1 Nxh2 24. Nxh2 Qg3 25. Kg1 Rxh2 26. Qc2 Qh4 27. Kf1 exd5 28. Qf2 Qg4 29. Qf3 Qxf3+ 30. gxf3 Be6 31. Kg1 Rh6 32. Bf1 c4 33. Bg2 Rd8 34. e4 b5 1-0

[Event "Mittelfranken-chT2b 1617"]
[Site "Mittelfranken"]
[Date "2017.03.26"]
[Round "8.8"]
[White "Siegl, Adrian"]
[Black "Vogt, Peter"]
[Result "0-1"]
[WhiteElo "1870"]
[BlackElo "1878"]
[PlyCount "62"]
[EventDate "2016.10.23"]
[EventType "team-tourn"]
[EventRounds "9"]
[EventCountry "GER"]
[SourceTitle "EXT 2022"]
[Source "ChessBase"]
[SourceDate "2021.10.06"]
[SourceVersion "1"]
[SourceVersionDate "2021.10.06"]
[SourceQuality "1"]
[WhiteTeam "Nuernberg Sued SW III"]
[BlackTeam "Schwanstetten"]
[WhiteTeamCountry "GER"]
[BlackTeamCountry "GER"]

1. e4 c5 2. Nf3 d6 3. d4 cxd4 4. Nxd4 Nf6 5. Nc3 a6 6. Be2 e5 7. Nf3 Be7 8. Be3 0-0 9. h4 b5 10. Nd5 Nc6 11. Nxf6+ Bxf6 12. Ng5 Bb7 13. Bd3 Qe7 14. Qh5 h6 15. Rh3 Nb4 16. Rg3 Rac8 17. Rd1 Nxc2+ 18. Bxc2 Rxc2 19. Qg4 Rxb2 20. Nf3 Rb4 21. Nd2 Kh7 22. Qf5+ g6 23. Qg4 Bc8 24. Qf3 Bxh4 25. Rh3 Bxh3 26. Bxh6 Bxg2 27. Qxg2 Kxh6 28. Qh2 Kg7 29. Nf3 Rxe4+ 30. Kd2 Rh8 31. Rh1 Bg5+ 0-1

[Event "Mittelfranken-chT2b 1617"]
[Site "Mittelfranken"]
[Date "2016.11.27"]
[Round "3.8"]
[White "Siegl, Adrian"]
[Black "Hummel, Thomas1111"]
[Result "1-0"]
[WhiteElo "1870"]
[BlackElo "1788"]
[PlyCount "71"]
[EventDate "2016.10.23"]
[EventType "team-tourn"]
[EventRounds "9"]
[EventCountry "GER"]
[SourceTitle "EXT 2022"]
[Source "ChessBase"]
[SourceDate "2021.10.06"]
[SourceVersion "1"]
[SourceVersionDate "2021.10.06"]
[SourceQuality "1"]
[WhiteTeam "Nuernberg Sued SW III"]
[BlackTeam "Neumarkt"]
[WhiteTeamCountry "GER"]
[BlackTeamCountry "GER"]

1. e4 d6 2. d4 Nf6 3. Nc3 g6 4. Be3 Ng4 5. Bg5 c6 6. Be2 Nf6 7. Nf3 Bg7 8. e5 dxe5 9. dxe5 Qxd1+ 10. Rxd1 Ng4 11. 0-0 Nxe5 12. Nxe5 Bxe5 13. Bc4 h6 14. Bh4 g5 15. Bg3 Bxg3 16. fxg3 f6 17. Ne4 Nd7 18. Rde1 Ne5 19. Nxf6+ exf6 20. Rxf6 Ke7 21. Rg6 Kd8 22. Rxe5 Kc7 23. a4 Bg4 24. Re7+ Kb6 25. b4 a5 26. b5 Kc5 27. Bd3 Bh5 28. Rf6 cxb5 29. axb5 Rab8 30. g4 Be8 31. c3 Kd5 32. Kf2 a4 33. Ke3 a3 34. Rc7 a2 35. Bc4+ Ke5 36. Re6# 1-0

[Event "Bayernliga U20 1617"]
[Site "Bayern"]
[Date "2016.11.12"]
[Round "1.3"]
[White "Siegl, Adrian"]
[Black "Moenius, Oliver"]
[Result "1-0"]
[WhiteElo "1870"]
[BlackElo "1759"]
[PlyCount "45"]
[EventDate "2016.11.12"]
[EventType "team-tourn"]
[EventRounds "7"]
[EventCountry "GER"]
[SourceTitle "EXT 2022"]
[Source "ChessBase"]
[SourceDate "2021.10.06"]
[SourceVersion "1"]
[SourceVersionDate "2021.10.06"]
[SourceQuality "1"]
[WhiteTeam "Nuernberg Sued SW U20"]
[BlackTeam "Hoechstadt SC U20"]
[WhiteTeamCountry "GER"]
[BlackTeamCountry "GER"]

1. e4 e5 2. f4 d5 3. Nf3 exf4 4. exd5 Nf6 5. d4 Nxd5 6. Bc4 Be7 7. 0-0 Be6 8. Bb3 g5 9. c4 Nb6 10. d5 Bf5 11. Nd4 Bg6 12. Re1 0-0 13. Bd2 N8d7 14. Bc3 a6 15. Nd2 Nf6 16. Bc2 Bxc2 17. Qxc2 Ng4 18. Ne4 Ne3 19. Rxe3 fxe3 20. Nf5 f6 21. Nxg5 Rf7 22. Nh6+ Kf8 23. Ne6+ 1-0

[Event "Mittelfranken-chTB1 1415"]
[Site "Mittelfranken"]
[Date "2015.03.22"]
[Round "8.5"]
[White "Siegl, Adrian"]
[Black "Gebhard, Thomas"]
[Result "1-0"]
[WhiteElo "1771"]
[BlackElo "1924"]
[PlyCount "121"]
[EventDate "2014.09.29"]
[EventType "team-tourn"]
[EventRounds "9"]
[EventCountry "GER"]
[SourceTitle "EXT 2020"]
[Source "ChessBase"]
[SourceDate "2019.10.17"]
[SourceVersion "1"]
[SourceVersionDate "2019.10.17"]
[SourceQuality "1"]
[WhiteTeam "Nuernberg Sued SW III"]
[BlackTeam "Nuernberg Zabo"]
[WhiteTeamCountry "GER"]
[BlackTeamCountry "GER"]

1. f4 d5 2. Nf3 Nf6 3. e3 g6 4. b3 Bg7 5. Bb2 0-0 6. Be2 c5 7. 0-0 Nc6 8. Ne5 Qc7 9. Bf3 Ne4 10. d4 f5 11. Nd2 Nxe5 12. fxe5 Be6 13. Bxe4 dxe4 14. c4 Rad8 15. Qc2 b6 16. Rad1 cxd4 17. exd4 e3 18. Nf3 f4 19. Qe2 Bg4 20. h3 Bh5 21. Rd3 g5 22. g4 fxg3 23. Qxe3 Qc8 24. Kg2 g4 25. hxg4 Bxg4 26. Kxg3 Bh3 27. Rg1 Qg4+ 28. Kh2 Qh5 29. Rg5 Rxf3 30. Rxh5 Rxe3 31. Rxe3 Bg4 32. Rg5 h5 33. e6 Kh7 34. Rd5 Rf8 35. Ba3 Bh6 36. Rd3 Bxe6 37. Rxh5 Kg6 38. Rh4 Bg5 39. Rg3 Rf2+ 40. Kg1 Rf3 41. Rxf3 Bxh4 42. Re3 Kf7 43. d5 Bd7 44. b4 Bf6 45. Kg2 Bf5 46. c5 Bb1 47. Re2 Bd3 48. Re3 Bb1 49. Re2 Bd3 50. Rd2 Be4+ 51. Kf2 Ke8 52. c6 b5 53. Rd1 Kd8 54. Bc1 Bb1 55. Bg5 Bxg5 56. Rxb1 Bf4 57. Kf3 Bd6 58. Ke4 Kc7 59. Kf5 Kb6 60. Ke6 Kc7 61. Rb3 1-0

[Event "Bayernliga U20 1415"]
[Site "Bayern"]
[Date "2015.03.21"]
[Round "6.3"]
[White "Siegl, Adrian"]
[Black "Roesl, Martin"]
[Result "1/2-1/2"]
[WhiteElo "1771"]
[BlackElo "1557"]
[PlyCount "119"]
[EventDate "2014.11.15"]
[EventType "team-tourn"]
[EventRounds "7"]
[EventCountry "GER"]
[SourceTitle "EXT 2022"]
[Source "ChessBase"]
[SourceDate "2021.10.06"]
[SourceVersion "1"]
[SourceVersionDate "2021.10.06"]
[SourceQuality "1"]
[WhiteTeam "Nuernberg Sued SW U20"]
[BlackTeam "Regensburg Bavaria U20"]
[WhiteTeamCountry "GER"]
[BlackTeamCountry "GER"]

1. e4 c5 2. Nf3 Nc6 3. d4 cxd4 4. Nxd4 Qb6 5. Nb3 Nf6 6. Nc3 e6 7. Be3 Qc7 8. Be2 a6 9. 0-0 Be7 10. f4 d6 11. Qe1 b5 12. a3 Bb7 13. Bf3 0-0 14. Qg3 Rfe8 15. Rae1 Nd7 16. f5 b4 17. axb4 Nxb4 18. fxe6 fxe6 19. Nd4 Bf6 20. Bh5 Re7 21. Re2 Rf8 22. Ref2 Nc6 23. Nxc6 Qxc6 24. Bg5 Qc5 25. Bxf6 Rxf6 26. Na4 Qxh5 27. Rxf6 Nxf6 28. Rxf6 Qd1+ 29. Rf1 Qd4+ 30. Qf2 Qxf2+ 31. Rxf2 Bxe4 32. Nc3 Bf5 33. Kf1 Rb7 34. Nd1 Bg6 35. c3 Rf7 36. Ne3 Bd3+ 37. Ke1 Rxf2 38. Kxf2 Kf7 39. Kf3 e5 40. Nd5 Ke6 41. Nb4 Bc4 42. b3 Bxb3 43. Nxa6 Kd5 44. Ke3 Kc4 45. Kd2 d5 46. Nc7 e4 47. Ne6 g6 48. g3 e3+ 49. Kxe3 Kxc3 50. Nd4 Ba4 51. Ne6 Bd7 52. Nd4 h5 53. h4 Be8 54. Ne6 Bf7 55. Nd4 Kc4 56. Ne2 Kc5 57. Nd4 Kd6 58. Nf3 Ke6 59. Kf4 Kf6 60. Nd4 1/2-1/2

[Event "Mittelfranken Mitte-ch"]
[Site "Zirndorf"]
[Date "2015.01.06"]
[Round "7"]
[White "Siegl, Adrian"]
[Black "Nagel, Felix"]
[Result "1/2-1/2"]
[WhiteElo "1814"]
[BlackElo "1626"]
[PlyCount "21"]
[EventDate "2015.01.02"]
[EventType "swiss"]
[EventRounds "7"]
[EventCountry "GE2"]
[SourceTitle "EXT 2018"]
[Source "ChessBase"]
[SourceDate "2017.10.13"]
[SourceVersion "1"]
[SourceVersionDate "2017.10.13"]
[SourceQuality "1"]

1. e4 c6 2. d4 d5 3. Nc3 dxe4 4. Nxe4 Bf5 5. Ng3 Bg6 6. h4 h6 7. h5 Bh7 8. Nf3 Nd7 9. Bd3 Bxd3 10. Qxd3 Ngf6 11. 0-0 1/2-1/2

[Event "Bayernliga U20 1415"]
[Site "Bayern"]
[Date "2014.11.15"]
[Round "1.3"]
[White "Siegl, Adrian"]
[Black "Alsheimer, Lea"]
[Result "0-1"]
[WhiteElo "1771"]
[BlackElo "1642"]
[PlyCount "134"]
[EventDate "2014.11.15"]
[EventType "team-tourn"]
[EventRounds "7"]
[EventCountry "GER"]
[SourceTitle "EXT 2022"]
[Source "ChessBase"]
[SourceDate "2021.10.06"]
[SourceVersion "1"]
[SourceVersionDate "2021.10.06"]
[SourceQuality "1"]
[WhiteTeam "Nuernberg Sued SW U20"]
[BlackTeam "Bechhofen U20"]
[WhiteTeamCountry "GER"]
[BlackTeamCountry "GER"]

1. e4 d6 2. d4 Nf6 3. Nc3 e5 4. d5 Be7 5. Nf3 Nbd7 6. b4 c6 7. dxc6 bxc6 8. b5 cxb5 9. Bxb5 Bb7 10. 0-0 Rc8 11. Qd3 0-0 12. Bxd7 Qxd7 13. Ba3 Qc6 14. Nd5 Nxd5 15. Qxd5 Qb6 16. Qb3 Qc7 17. Rfe1 Ba8 18. Rad1 Rfd8 19. Re2 Qa5 20. Qb4 Qxb4 21. Bxb4 Rc4 22. c3 f6 23. Nd2 Rc6 24. Nf1 Kf7 25. Ne3 Bf8 26. Nd5 Bb7 27. Rb2 Ba6 28. f3 Bc4 29. Ba5 Rd7 30. Bb4 Ra6 31. a3 Rc6 32. Ne3 Be6 33. Nd5 Rb7 34. Rbd2 Rd7 35. Rb2 g6 36. a4 f5 37. Rf2 Bh6 38. h4 Bxd5 39. exd5 Rc4 40. Rb2 Rxh4 41. g3 Rc4 42. Kf2 e4 43. Rh1 Bg7 44. fxe4 Rxe4 45. Rxh7 Kg8 46. Rh4 Rxh4 47. gxh4 Be5 48. Rb1 Rh7 49. Rh1 Rh5 50. Kg2 Kf7 51. c4 a6 52. Bd2 Bf6 53. Bf4 Ke7 54. Re1+ Kd7 55. Re6 Be7 56. Rxg6 Rxh4 57. Kg3 Rh1 58. Kg2 Re1 59. Rg7 Re4 60. Kf3 Rxc4 61. Bg5 Re4 62. Bxe7 Rxe7 63. Rxe7+ Kxe7 64. Kf4 Kf6 65. a5 Kg6 66. Kf3 Kg5 67. Kg3 f4+ 0-1

[Event "Nuremberg Zabo op 16th"]
[Site "Nuremberg"]
[Date "2014.09.20"]
[Round "2"]
[White "Siegl, Adrian"]
[Black "Grafe, Wilhelm"]
[Result "1/2-1/2"]
[WhiteElo "1802"]
[BlackElo "2107"]
[PlyCount "42"]
[EventDate "2014.09.19"]
[EventType "swiss"]
[EventRounds "5"]
[EventCountry "GER"]
[SourceTitle "EXT 2018"]
[Source "ChessBase"]
[SourceDate "2017.10.13"]
[SourceVersion "1"]
[SourceVersionDate "2017.10.13"]
[SourceQuality "1"]

1. e4 e6 2. d4 d5 3. Nd2 Nf6 4. e5 Ne4 5. Nxe4 dxe4 6. f3 c5 7. Be3 Qb6 8. fxe4 Qxb2 9. Nf3 Nc6 10. Rb1 Qa3 11. Rb3 Qa5+ 12. Bd2 Qd8 13. Bb5 cxd4 14. 0-0 Be7 15. Be1 0-0 16. Bxc6 bxc6 17. Qxd4 Ba6 18. Rf2 Qxd4 19. Nxd4 Bc5 20. Rd2 Rfd8 21. Bf2 Bc4 1/2-1/2

[Event "Mittelfranken-chTB1 1314"]
[Site "Mittelfranken"]
[Date "2014.02.16"]
[Round "6.4"]
[White "Rossbach, Knut"]
[Black "Siegl, Adrian"]
[Result "1-0"]
[WhiteElo "1915"]
[BlackElo "1771"]
[PlyCount "55"]
[EventDate "2013.10.20"]
[EventType "team-tourn"]
[EventRounds "9"]
[EventCountry "GER"]
[SourceTitle "EXT 2020"]
[Source "ChessBase"]
[SourceDate "2019.10.17"]
[SourceVersion "1"]
[SourceVersionDate "2019.10.17"]
[SourceQuality "1"]
[WhiteTeam "Nuernberg SK 1911"]
[BlackTeam "Nuernberg Sued SW III"]
[WhiteTeamCountry "GER"]
[BlackTeamCountry "GER"]

1. e4 c5 2. Nc3 Nc6 3. f4 d6 4. Nf3 g6 5. Bc4 Bg7 6. 0-0 e6 7. d3 Nge7 8. Qe1 0-0 9. Bb3 d5 10. Qh4 a6 11. f5 dxe4 12. Ng5 h6 13. fxe6 Nf5 14. exf7+ Kh8 15. Qh3 Ne3 16. Ne6 Bxe6 17. Bxe6 h5 18. Bxe3 Nd4 19. Nd5 Ne2+ 20. Kh1 exd3 21. cxd3 Be5 22. Bxc5 Bd6 23. Bxd6 Qxd6 24. Qe3 Kg7 25. Qxe2 Rad8 26. d4 Kh7 27. Qe5 Qc6 28. Nf6+ 1-0

[Event "Landesliga U20 Nord 1314"]
[Site "Bayern"]
[Date "2014.02.15"]
[Round "6.3"]
[White "Schilay, Lorenz"]
[Black "Siegl, Adrian"]
[Result "1/2-1/2"]
[WhiteElo "1806"]
[BlackElo "1771"]
[PlyCount "49"]
[EventDate "2013.11.16"]
[EventType "team-tourn"]
[EventRounds "7"]
[EventCountry "GER"]
[SourceTitle "EXT 2022"]
[Source "ChessBase"]
[SourceDate "2021.10.06"]
[SourceVersion "1"]
[SourceVersionDate "2021.10.06"]
[SourceQuality "1"]
[WhiteTeam "Neumarkt U20"]
[BlackTeam "Nuernberg Sued SW U20"]
[WhiteTeamCountry "GER"]
[BlackTeamCountry "GER"]

1. e4 c5 2. Nc3 Nc6 3. f4 d6 4. Bb5 Bd7 5. Nf3 g6 6. Bxc6 Bxc6 7. d3 Bg7 8. Be3 e6 9. 0-0 Ne7 10. Qe1 0-0 11. Rd1 Qb6 12. b3 d5 13. exd5 exd5 14. Bf2 Rfe8 15. Qd2 d4 16. Ne4 Nd5 17. Rfe1 Nc3 18. Nxc3 dxc3 19. Qc1 Bxf3 20. gxf3 Bd4 21. Bxd4 cxd4 22. Re4 f5 23. Re5 Re6 24. Rde1 Rae8 25. R1e2 1/2-1/2

[Event "Landesliga U20 Nord 1314"]
[Site "Bayern"]
[Date "2013.11.30"]
[Round "3.3"]
[White "Roesl, Martin"]
[Black "Siegl, Adrian"]
[Result "1/2-1/2"]
[WhiteElo "1557"]
[BlackElo "1771"]
[PlyCount "86"]
[EventDate "2013.11.16"]
[EventType "team-tourn"]
[EventRounds "7"]
[EventCountry "GER"]
[SourceTitle "EXT 2022"]
[Source "ChessBase"]
[SourceDate "2021.10.06"]
[SourceVersion "1"]
[SourceVersionDate "2021.10.06"]
[SourceQuality "1"]
[WhiteTeam "Regensburg Bavaria U20"]
[BlackTeam "Nuernberg Sued SW U20"]
[WhiteTeamCountry "GER"]
[BlackTeamCountry "GER"]

1. e4 c5 2. Nf3 Nc6 3. d4 cxd4 4. Nxd4 e5 5. Nb5 d6 6. N1c3 a6 7. Na3 b5 8. Nd5 Nf6 9. Bg5 Be7 10. Bxf6 Bxf6 11. Bd3 Bg5 12. 0-0 0-0 13. c3 Rb8 14. Nc2 Be6 15. a4 bxa4 16. Rxa4 Rxb2 17. Qa1 Qb8 18. Rxa6 Bxd5 19. exd5 Ne7 20. Nb4 Rd2 21. Rd1 Rc8 22. Rxd2 Bxd2 23. Nc6 Nxc6 24. Rxc6 g6 25. Rxc8+ Qxc8 26. c4 Qb7 27. Qb1 Qa7 28. g3 Kg7 29. Kg2 Qd4 30. Qc2 Bb4 31. Qe2 Bc5 32. Qf1 f5 33. Qe2 e4 34. Bc2 Qc3 35. Kf1 h6 36. Kg2 e3 37. fxe3 Bxe3 38. Bd3 Qd4 39. Qf1 h5 40. h4 f4 41. gxf4 Bxf4 42. Qe2 Be5 43. Qe4 Qxe4+ 1/2-1/2

[Event "Mittelfranken-chTB1 1314"]
[Site "Mittelfranken"]
[Date "2013.11.17"]
[Round "2.5"]
[White "Siegl, Adrian"]
[Black "Bauer, Andreas"]
[Result "0-1"]
[WhiteElo "1771"]
[BlackElo "2034"]
[PlyCount "70"]
[EventDate "2013.10.20"]
[EventType "team-tourn"]
[EventRounds "9"]
[EventCountry "GER"]
[SourceTitle "EXT 2020"]
[Source "ChessBase"]
[SourceDate "2019.10.17"]
[SourceVersion "1"]
[SourceVersionDate "2019.10.17"]
[SourceQuality "1"]
[WhiteTeam "Nuernberg Sued SW III"]
[BlackTeam "Postbauer Heng"]
[WhiteTeamCountry "GER"]
[BlackTeamCountry "GER"]

1. f4 d5 2. Nf3 Nf6 3. e3 g6 4. b3 Bg7 5. Bb2 0-0 6. Be2 c5 7. 0-0 Nc6 8. d3 Ng4 9. Bxg7 Kxg7 10. Qc1 d4 11. e4 Ne3 12. Re1 Bg4 13. Na3 Bxf3 14. Bxf3 e5 15. f5 Na5 16. c4 Nc6 17. Nc2 Nb4 18. Nxb4 cxb4 19. Re2 Qe7 20. Qe1 a5 21. g4 a4 22. h4 h6 23. Rh2 axb3 24. axb3 Rxa1 25. Qxa1 b5 26. h5 bxc4 27. bxc4 gxh5 28. gxh5 Kh7 29. Kf2 b3 30. Bd1 b2 31. Qb1 Qb4 32. Kf3 Nxd1 33. f6 Rg8 34. c5 Qe1 35. Rg2 Qe3# 0-1

[Event "Forchheim op-B 12th"]
[Site "Forchheim"]
[Date "2013.09.28"]
[Round "2"]
[White "Siegl, Adrian"]
[Black "Hummel, Thomas"]
[Result "1/2-1/2"]
[WhiteElo "1755"]
[BlackElo "1863"]
[PlyCount "90"]
[EventDate "2013.09.27"]
[EventType "swiss"]
[EventRounds "5"]
[EventCountry "GER"]
[SourceTitle "EXT 2019"]
[Source "ChessBase"]
[SourceDate "2018.10.10"]
[SourceVersion "1"]
[SourceVersionDate "2018.10.10"]
[SourceQuality "1"]

1. f4 Nf6 2. Nf3 d6 3. b3 g6 4. Bb2 Bg7 5. d3 Bg4 6. Nbd2 0-0 7. e4 c6 8. h3 Bxf3 9. Qxf3 Qa5 10. d4 Nbd7 11. Bc3 Qc7 12. Bd3 a6 13. 0-0 Rab8 14. f5 b5 15. Qe2 Nh5 16. Qe3 c5 17. g4 Nhf6 18. d5 Ne8 19. Bxg7 Kxg7 20. g5 Qb6 21. Rf2 Ne5 22. Nf3 f6 23. Nxe5 dxe5 24. h4 Nd6 25. c4 b4 26. Qh3 Nf7 27. gxf6+ exf6 28. Rg2 g5 29. hxg5 Nxg5 30. Qh5 Kh8 31. Kf2 Rb7 32. Qh6 Qd8 33. Ke3 Rg7 34. Rag1 Rfg8 35. Be2 Qf8 36. Bh5 Rd7 37. Qxf8 Rxf8 38. Rh1 Kg7 39. Be2 a5 40. a3 Ra7 41. Ra1 Rfa8 42. Bd1 Kf7 43. Rga2 bxa3 44. Rxa3 Ke7 45. R1a2 Kd6 1/2-1/2